World Capitals starting with H (with hints) - Statistics

General Stats
  • This quiz has been taken 36 times
  • The average score is 4 of 5
Answer Stats
Continent Capital % Correct
Europe Helsinki
96%
Asia Hanoi
92%
Africa Harare
81%
North America Havana
81%
Oceania Honiara
73%
No matching quizzes found
Score Distribution
Percent of People with Each Score
Percentile by Number Answered
Your Score History
You have not taken this quiz